Stanislav Jančárik

Bibliographic Details
Main Author: Cabadaj, Peter, 1966- (Author)
Format: Article
Language:Slovak
PhysicalDescription:Fotogr. 1
ISSN:0231-7303
Subjects:

MARC

LEADER 00000nab a2200000 a 4500
001 vtls000642319
003 SK-MaSNL
005 20260302183926.0
008 160322c1997 xo 0 slo
015 |a SNBRB19rr/mm-uuuuu 
035 |a CL0642458 
040 |a SNKBUCL  |b slo  |c SNKBUCL  |e AACR2 
041 0 |a slo 
044 |a xo  |c SK 
080 |a 72.071.1  |2 1981 
080 |a 07-051  |2 1981 
080 |a 929 Jančárik, Stanislav  |2 1981 
100 1 |a Cabadaj, Peter,  |d 1966-  |4 aut  |9 98153 
245 1 0 |a Stanislav Jančárik  |c Peter Cabadaj 
300 |b Fotogr. 1 
600 1 7 |a Jančárik, Stanislav  |d 1905-1969  |x profily  |2 snkbucl  |9 898303 
650 0 7 |a Jančárik, Stanislav  |2 snkbucl  |9 898304 
655 7 |a články z novín a časopisov  |2 snkbucl  |9 267496 
773 0 |x 0231-7303  |t Slovensko  |g Roč. 21, č. 3 (1997), s. 62 
850 |a Slovenská národná knižnica v Martine  |a MTA001 
852 |a SNK  |b KIS3GCP 
958 |a SK 
958 |a BX 
958 |a AR 
958 |a RK 
958 |a RBX 
999 |c 1423508  |d 1425438